Mysticism and morality: oriental thought and moral philosophy (Record no. 5447)
[ view plain ]
| 000 -LEADER | |
|---|---|
| fixed length control field | 00775cam a2200265 4500 |
| 001 - CONTROL NUMBER | |
| control field | 4079651 |
| 003 - CONTROL NUMBER IDENTIFIER | |
| control field | GBCCL |
| 005 - DATE AND TIME OF LATEST TRANSACTION | |
| control field | 20241126110542.0 |
| 008 - FIXED-LENGTH DATA ELEMENTS--GENERAL INFORMATION | |
| fixed length control field | 730103s1972 nyu b 001 0 eng |
| 010 ## - | |
| -- | 72086683 |
| 040 ## - CATALOGING SOURCE | |
| Original cataloging agency | DLC |
| Transcribing agency | DLC |
| Modifying agency | DLC |
| 043 ## - | |
| -- | a------ |
| 050 00 - | |
| -- | BJ962 |
| -- | .D36 1972 |
| 082 00 - DEWEY DECIMAL CLASSIFICATION NUMBER | |
| Classification number | 181 |
| Item number | DAN |
| 100 1# - MAIN ENTRY--PERSONAL NAME | |
| Personal name | Danto, Arthur C., |
| Dates associated with a name | 1924-2013. |
| 9 (RLIN) | 9795 |
| 245 10 - TITLE STATEMENT | |
| Title | Mysticism and morality: oriental thought and moral philosophy |
| Statement of responsibility, etc. | [by] Arthur C. Danto. |
| 260 ## - PUBLICATION, DISTRIBUTION, ETC. | |
| Place of publication, distribution, etc. | New York, |
| Name of publisher, distributor, etc. | Basic Books |
| Date of publication, distribution, etc. | [1972] |
| 300 ## - PHYSICAL DESCRIPTION | |
| Extent | xiv, 127 p. |
| Dimensions | 22 cm. |
| 350 ## - PRICE (NR) (BK AM CF MU VM SE) [OBSOLETE] | |
| Price | $5.95 |
| 504 ## - BIBLIOGRAPHY, ETC. NOTE | |
| Bibliography, etc. note | Bibliography: p. 121-123. |
| 650 #0 - SUBJECT ADDED ENTRY--TOPICAL TERM | |
| Topical term or geographic name entry element | Ethics |
| Geographic subdivision | Asia. |
| 9 (RLIN) | 9796 |
| 650 #0 - SUBJECT ADDED ENTRY--TOPICAL TERM | |
| Topical term or geographic name entry element | Philosophy, Asian. |
| 9 (RLIN) | 9797 |
| 906 ## - LOCAL DATA ELEMENT F, LDF (RLIN) | |
| a | 7 |
| b | cbc |
| c | orignew |
| d | 2 |
| e | opcn |
| f | 19 |
| g | y-gencatlg |
| 942 ## - ADDED ENTRY ELEMENTS (KOHA) | |
| Source of classification or shelving scheme | Dewey Decimal Classification |
| Koha item type | Books |
| Koha issues (borrowed), all copies | 3 |
| Withdrawn status | Lost status | Source of classification or shelving scheme | Damaged status | Not for loan | Home library | Current Library | Shelving location | Date acquired | Total checkouts | Full call number | Barcode | Date last seen | Date last checked out | Copy number | Price effective from | Koha item type |
|---|---|---|---|---|---|---|---|---|---|---|---|---|---|---|---|---|
| Dewey Decimal Classification | GRACE BIBLE COLLEGE | GRACE BIBLE COLLEGE | Philosophy and Religion | 2018-03-20 | 3 | 181 DAN | 002445 | 2025-05-01 | 2023-10-16 | c.1 | 2018-03-20 | Books |